000 00702nam a2200253Ia 4500
003 OSt
005 20221005024018.0
006 a|||||r|||| 00| 0
007 ta
008 221004b |||||||| |||| 00| 0 eng d
020 _a8172242875 (pbk)
024 _a121103
037 _bGift, 13/09/2012,
_cTextual
040 _aCRL
_cCRL
_beng
041 _2eng
_aeng
082 _a4wM97.1, N4
100 _aChaudhuri Nirad C
245 0 _aAutobiography of an unknown Indian
260 _aBombay
_bJaico Pub India
_c1994
300 _a610p.
_ccm.
650 _aJOUNRALISM
_93876
942 _h4wM97.1, N4
_cTEXL
_2cc
999 _c932215
_d932215